000 01080nam a22003377a 4500
001 13662948
003 OSt
005 20210426121240.0
008 040722s2006 ohua b 001 0 eng
010 _a 2004110765
020 _a0324289316 (package : alk. paper)
040 _aDLC
_cDLC
_dDLC
_beng
041 _aeng
042 _apcc
050 0 0 _aHG4026
_b.E37 2006
080 _a336
_bE-35
082 0 0 _a658.15
_222
100 1 _aEhrhardt, Michael C.,
_d1955-
245 1 0 _aCorporate finance :
_ba focused approach /
_c/ by: Thomson South-Western
250 _a2nd edition
260 _aMason, OH :
_bThomson South-Western
_cc2006.
300 _axxi, 649 p.
_bill.
_c26 cm.
504 _aIncludes bibliographical references and indexes.
650 0 _aCorporations
_xFinance.
650 0 _aFinances
_9454
653 _aფინანსები
700 1 _aBrigham, Eugene F.,
_d1930-
906 _a7
_bcbc
_corignew
_d2
_eepcn
_f20
_gy-gencatlg
942 _2udc
_cBK
_e2
999 _c1155
_d1155